000 01304nam a2200169 a 4500
005 20260304121748.0
008 260227s2026##################000#0#eng##
020 _a9780312296223
082 0 4 _a324.273
_bSCA
100 _a D. Scala
245 1 0 _aStormy Weather: The New Hampshire Primary and Presidential Politics
_c/ D. Scala
260 _bPalgrave
_c2004.
300 _a218p,;
_c20 cm.
504 _aindex
520 _aIn the coming presidential primaries, no state is as important in setting the stage - or affecting the odds - as New Hampshire. This small, mountainous, proudly distinctive state holds the first primary and the results, both real and in comparison to expectations, can greatly influence the competition for the highest office in the land. Candidates who do well can create momentum and gain support, while those who do worse than expected can be counted out. Scala explains the distinctiveness of New Hampshire politics and how the candidates create strategies to appeal to the state's voters. New Hampshire's sympathy for reformist candidates has the paradoxical affect of jumpstarting the campaigns of those candidates least representative of Democratic voters nationally. The implications for Democratic chances to win the presidency in 2004 are discussed.
942 _cREF
999 _c615980
_d615980